000 00549nam a2200193Ia 4500
005 20250508154951.0
008 008 250505s9999 xx 000 0 eng d
037 _aTextual
040 _aFEDL
_beng
_cFEDL
041 _aeng
_2eng
084 _a491.7, CRO
_qFEDL
100 _aCrothers Edward
_9766474
245 0 _aExperiments in second-language learning
260 _aNew York, USA
_bAcademic Press
_c1967
300 _aix,374p.
700 _a Suppes Patrick
_9766475
942 _cTEXL
_h491.7, CRO
999 _c1353179
_d1353179